Pink Floyd songs by lyrics - Statistics

General Stats
  • This quiz has been taken 2,512 times
  • The average score is 10 of 15
Answer Stats
Hint Answer % Correct
Hello, Is there anybody in there? Just nod if you can hear me. Comfortably Numb
95%
So, so you think you can tell Heaven from Hell, blue skies from pain. Wish You Were Here
94%
Grab that cash with both hands and make a stash New car, caviar, four star daydream, Money
91%
Ticking away the moments that make up a dull day/ Fritter and waste the hours in an off-hand way Time
91%
Remember when you were young, you shone like the sun. Shine On You Crazy Diamond
86%
The lunatic is on the grass /Remembering games and daisy chains and laughs Brain Damage
72%
...out there in the cold Getting lonely, getting old, can you feel me Hey You
66%
All that you touch All that you see Eclipse
65%
You're gonna go far, you're gonna fly high, You're never gonna die, you're gonna make it if you try; they're gonna love you. Have a Cigar
64%
Daddy's flown across the ocean /Leaving just a memory Another Brick in the Wall
61%
Overhead the albatross hangs motionless upon the air /And deep beneath the rolling waves in labyrinths of coral caves Echoes
60%
And after all we're only ordinary men Me, and you Us and Them
60%
You gotta be crazy, you gotta have a real need You gotta sleep on your toes, and when you're on the street Dogs
58%
You well heeled big wheel, ha ha, charade you are And when your hand is on your heart Pigs (Three different ones)
58%
Lime and limpid green, a second scene A fight between the blue you once knew. Astronomy Domine
22%
No matching quizzes found
Score Distribution
Percent of People with Each Score
Percentile by Number Answered
Your Score History
You have not taken this quiz